Obras completas de José Antonio Primo de Rivera / (Record no. 122433)

MARC details
000 -LEADER
campo de control de longitud fija 01019nam a2200229 i 4500
001 - NÚMERO DE CONTROL
campo de control 122433
003 - IDENTIFICADOR DE NÚMERO DE CONTROL
campo de control ES-MaACL
005 - FECHA Y HORA DE LA ÚLTIMA TRANSACCIÓN
campo de control 20231226211012.0
007 - CAMPO FIJO DE DESCRIPCIÓN FÍSICA--INFORMACIÓN GENERAL
campo de control de longitud fija t|
008 - DATOS DE LONGITUD FIJA--INFORMACIÓN GENERAL
campo de control de longitud fija 070214s1942 sp r ||||1| spa d
100 1# - ENTRADA PRINCIPAL--NOMBRE DE PERSONA
Nombre de persona Primo de Rivera, José Antonio,
Fechas asociadas al nombre 1903-1936
9 (RLIN) 142533
245 10 - MENCIÓN DEL TÍTULO
Título Obras completas de José Antonio Primo de Rivera /
Mención de responsabilidad, etc. recopilacion y ordenacion de los textos originales hechas por... Agustin del Río Cisneros y Enrique Conde Gargollo.
260 ## - PUBLICACIÓN, DISTRIBUCIÓN, ETC.
Lugar de publicación, distribución, etc. Madrid :
Nombre del editor, distribuidor, etc. Delegación Nacional de Prensa y Propaganda de Falange Española Tradicionalista y de las J.O.N.S.,
Fecha de publicación, distribución, etc. 1942.
300 ## - DESCRIPCIÓN FÍSICA
Extensión 926 p. ;
Dimensiones 22 cm.
610 24 - PUNTO DE ACCESO ADICIONAL DE MATERIA--NOMBRE DE ENTIDAD CORPORATIVA
Nombre de entidad corporativa o nombre de jurisdicción como elemento de entrada Falange Española.
9 (RLIN) 4083
651 #4 - PUNTO DE ACCESO ADICIONAL DE MATERIA--NOMBRE GEOGRÁFICO
Nombre geográfico España-
Subdivisión general Historia-
Subdivisión cronológica 1931-1939, II República.
9 (RLIN) 8283
700 1# - ENTRADA AGREGADA--NOMBRE PERSONAL
Nombre de persona Río Cisneros, Agustín del,
Fechas asociadas al nombre 1909-1992
9 (RLIN) 97318
700 1# - ENTRADA AGREGADA--NOMBRE PERSONAL
Nombre de persona Conde Gargollo, Enrique.
9 (RLIN) 40121
710 2# - ENTRADA AGREGADA--NOMBRE DE ENTIDAD CORPORATIVA
Nombre de entidad corporativa o nombre de jurisdicción como elemento de entrada Movimiento Nacional (España).
Unidad subordinada Delegación Nacional de Prensa, Propaganda y Radio.
9 (RLIN) 5783
852 ## - LOCALIZACIÓN
Ubicación ES-MaACL
Número de control de estantería F-15885
Sublocalización o colección R.20557
Holdings
Estatus retirado Estado de pérdida Estado de daño No para préstamo Biblioteca de origen Biblioteca actual Ubicación en estantería Fecha de adquisición Fuente de adquisición Total de préstamos Signatura topográfica completa Código de barras Visto por última vez Precio de reemplazo Tipo de ítem Koha
        Biblioteca del Ateneo de Madrid Biblioteca del Ateneo de Madrid Sala Pecera Planta 2 17/01/2008     F-15885 1127581 23/02/2023 23/02/2023 Libro impreso